00440nam a2200133 a 4500008004100000050001500041100001200056245009100068260004300159300002900202650002200231650003300253700002000286130927s1923 ||||||||||||||||| || u aRC 961 PRA aByam, W14aThe practice of medicine in the tropics: v. IIIcedited by W. Byam and R. G. Archibald aLondon:bHenry Frowde and Hodderc1923 axx, varied pagings: ill. aTROPICAL MEDICINE aINSECTS AS CARRIERS--DISEASE aArchibald, R. G